Library Banner

Aurat : maaraz Kashmakash mein/ (Record no. 102403)

MARC details
000 -LEADER
fixed length control field 00404nam a22001457a 4500
005 - DATE AND TIME OF LATEST TRANSACTION
control field 20180129131135.0
008 - FIXED-LENGTH DATA ELEMENTS--GENERAL INFORMATION
fixed length control field 180129b xxu||||| |||| 00| 0 eng d
040 ## - CATALOGING SOURCE
Transcribing agency PK-LaUMT
082 ## - DEWEY DECIMAL CLASSIFICATION NUMBER
Classification number PKAC 297.082
Item number NAE-A
100 ## - MAIN ENTRY--PERSONAL NAME
Personal name Naeem Siddiqi
245 ## - TITLE STATEMENT
Title Aurat : maaraz Kashmakash mein/
Statement of responsibility, etc Naeem Siddiqi
260 ## - PUBLICATION, DISTRIBUTION, ETC. (IMPRINT)
Place of publication, distribution, etc لاہور:
Name of publisher, distributor, etc ادارہ معارف اسلامی،
Date of publication, distribution, etc 1993
300 ## - PHYSICAL DESCRIPTION
Extent 408
942 ## - ADDED ENTRY ELEMENTS (KOHA)
Koha item type Books
Holdings
Withdrawn status Lost status Damaged status Home library Current library Date acquired Full call number Barcode Date last seen Price effective from Koha item type
      UMT Main Campus UMT Main Campus 2018-01-29 PKAC 297.082 NAE-A 118407 2018-01-29 2018-01-29 Books